Reconciliation as a tool for decision making within decision tree related to insolvency problems

Zmierenie ako jeden z nástrojov vysporiadania zbankrotovaného podniku so záväzkami. Ukážkový prípad zmierenia podniku (výrobca vagónov) s veriteľmi v podmienkach ČR (Insolvenčný zákon, 2013).

Gespeichert in:
Bibliographische Detailangaben
1. Verfasser: Poláček, Tomáš
Weitere Verfasser: Doubravský, Karel, Dohnal, Mirko
Format: Buchkapitel
Sprache:Englisch
Schlagworte:
Tags: Tag hinzufügen
Keine Tags, Fügen Sie das erste Tag hinzu!

MARC

LEADER 00000naa a2200000 4500
001 0220025
005 20221019173801.9
041 0 |a eng 
044 |a CZ 
245 1 0 |a Reconciliation as a tool for decision making within decision tree related to insolvency problems  |c Tomáš Poláček, Karel Doubravský, Mirko Dohnal 
520 |a Zmierenie ako jeden z nástrojov vysporiadania zbankrotovaného podniku so záväzkami. Ukážkový prípad zmierenia podniku (výrobca vagónov) s veriteľmi v podmienkach ČR (Insolvenčný zákon, 2013). 
610 2 0 |a konanie zmierovacie 
610 2 0 |a insolventnosť 
610 2 0 |a rozhodovanie 
610 2 0 |a pravdepodobnosť 
610 2 0 |a veritelia 
100 1 |a Poláček, Tomáš 
700 1 |a Doubravský, Karel 
700 1 |a Dohnal, Mirko